Музыковед Надежда Николаева (Запись № 11447610)
[ простой вид ]
| 000 -МАРКЕР | |
|---|---|
| контрольное поле | 02843nam0a2200445 4500 |
| 001 - ИДЕНТИФИКАТОР ЗАПИСИ | |
| контрольное поле | RU\NLR\BIBL_A\012010266 |
| 005 - ИДЕНТИФИКАТОР ВЕРСИИ | |
| контрольное поле | 20190603155457.0 |
| 010 ## - МЕЖДУНАРОДНЫЙ СТАНДАРТНЫЙ НОМЕР КНИГИ (ISBN) | |
| Номер (ISBN) | 978-5-471-00763-5 |
| Тираж | 300 |
| 021 ## - НОМЕР ГОСУДАРСТВЕННОЙ РЕГИСТРАЦИИ | |
| Код страны | Российская Федерация |
| Номер | КН-П-19-027793 |
| Номер Листа государственной регистраци | КН-П-19-2099 |
| 021 ## - НОМЕР ГОСУДАРСТВЕННОЙ РЕГИСТРАЦИИ | |
| Код страны | Российская Федерация |
| Номер | КН-П-19-027793 |
| Номер Листа государственной регистраци | КН-П-19-2218 |
| 035 ## - ДРУГИЕ СИСТЕМНЫЕ НОМЕРА | |
| Идентификатор записи | (NLR Aleph) 012010266 |
| 035 ## - ДРУГИЕ СИСТЕМНЫЕ НОМЕРА | |
| Идентификатор записи | (RuMoRGB)009953434 |
| 100 ## - ДАННЫЕ ОБЩЕЙ ОБРАБОТКИ | |
| Данные общей обработки | 20190514d2019 u y0rusy50 ca |
| 101 0# - ЯЗЫК РЕСУРСА | |
| Язык текста, звукозаписи и т.д. | русский |
| -- | английский |
| -- | якутский |
| 102 ## - СТРАНА ПУБЛИКАЦИИ ИЛИ ПРОИЗВОДСТВА | |
| Страна публикации | Российская Федерация |
| 105 ## - ПОЛЕ КОДИРОВАННЫХ ДАННЫХ: ТЕКСТОВЫЕ МАТЕРИАЛЫ, МОНОГРАФИЧЕСКИЕ | |
| Кодированные данные о монографическом текстовом документе | cg z 000zb |
| 200 1# - ЗАГЛАВИЕ И СВЕДЕНИЯ ОБ ОТВЕТСТВЕННОСТИ | |
| Основное заглавие | Музыковед Надежда Николаева |
| Сведения, относящиеся к заглавию | труды, письма, воспоминания |
| Первые сведения об ответственности | Институт гуманитарных исследований и проблем малочисленных народов севера Сибирского отделения Российской академии наук |
| Последующие сведения об ответственности | [составители: А. С. Ларионова и др. |
| -- | ред. коллегия: Э. Е. Алексеев (ответственный редактор), А. С. Ларионова, доктора искусствоведения] |
| 210 ## - ПУБЛИКАЦИЯ, РАСПРОСТРАНЕНИЕ И ДР. | |
| Место издания, распространения и т.д. | Якутск |
| Имя издателя, распространителя и т. д. | РИО медиа-холдинга |
| Дата издания, распространения и т.д. | 2019 |
| 215 ## - ФИЗИЧЕСКАЯ ХАРАКТЕРИСТИКА | |
| Специфическое обозначение материала и объем | 319 с., [4] л. портр., цв. портр. |
| Другие сведения о физической характеристике | ноты, портр., табл. |
| Размеры | 21 |
| 300 ## - ОБЩИЕ ПРИМЕЧАНИЯ | |
| Текст примечания | Текст рус., англ., якут. |
| 320 ## - ПРИМЕЧАНИЯ О НАЛИЧИИ В ДОКУМЕНТЕ БИБЛИОГРАФИИ / УКАЗАТЕЛЯ | |
| Текст примечания | Библиогр.: с. 316-319 и в конце разд. |
| 600 #1 - ИМЯ ЛИЦА КАК ПРЕДМЕТ | |
| Начальный элемент ввода | Николаева |
| Часть имени, кроме начального элемента ввода | Н. Н. |
| Даты | 1946 - 2010 |
| Расширение инициалов личного имени | Надежда Николаевна |
| Формальный подзаголовок | Документы и материалы |
| Системный номер авторитетной/нормативной записи | 2412199 |
| Идентификатор авторитетной/нормативной записи | RU\NLR\AUTH\6601656223 |
| 606 1# - НАИМЕНОВАНИЕ ТЕМЫ КАК ПРЕДМЕТ | |
| Наименование темы | Музыка народов Якутии |
| Формальный подзаголовок | Документы и материалы |
| Системный номер авторитетной/нормативной записи | 2412204 |
| Идентификатор авторитетной/нормативной записи | RU\NLR\AUTH\6601656225 |
| 606 1# - НАИМЕНОВАНИЕ ТЕМЫ КАК ПРЕДМЕТ | |
| Наименование темы | Героический эпос эвенкийский |
| Формальный подзаголовок | Документы и материалы |
| Тематический подзаголовок | Образы |
| Системный номер авторитетной/нормативной записи | 2412285 |
| Идентификатор авторитетной/нормативной записи | RU\NLR\AUTH\6601656267 |
| 686 1# - ИНДЕКСЫ ДРУГИХ КЛАССИФИКАЦИЙ | |
| Индекс | Щ31г(2Р=Я)7дНиколаева |
| 686 1# - ИНДЕКСЫ ДРУГИХ КЛАССИФИКАЦИЙ | |
| Индекс | Щ313(2Р1) |
| 686 1# - ИНДЕКСЫ ДРУГИХ КЛАССИФИКАЦИЙ | |
| Индекс | Ш3(251.1=Э)-694 |
| 686 1# - ИНДЕКСЫ ДРУГИХ КЛАССИФИКАЦИЙ | |
| Индекс | Ш3(251.1=Э)-611 |
| 702 #1 - ИМЯ ЛИЦА - ВТОРИЧНАЯ ОТВЕТСТВЕННОСТЬ | |
| Код отношения | Составитель |
| Графика поля | Кириллица |
| Материалы, к которым относится поле | rus |
| Начальный элемент ввода | Ларионова |
| Часть имени, кроме начального элемента ввода | А. С. |
| Расширение инициалов личного имени | Анна Семеновна |
| Системный номер авторитетной/нормативной записи | 4874 |
| Идентификатор авторитетной/нормативной записи | RU\NLR\AUTH\7721813 |
| 702 #1 - ИМЯ ЛИЦА - ВТОРИЧНАЯ ОТВЕТСТВЕННОСТЬ | |
| Код отношения | Редактор |
| Графика поля | Кириллица |
| Материалы, к которым относится поле | rus |
| Начальный элемент ввода | Алексеев |
| Часть имени, кроме начального элемента ввода | Э. Е. |
| Дополнения к именам, кроме дат | д-р искусствоведения |
| Даты | 1937- |
| Расширение инициалов личного имени | Эдуард Ефимович |
| Системный номер авторитетной/нормативной записи | 124020 |
| Идентификатор авторитетной/нормативной записи | RU\NLR\AUTH\7714347 |
| 702 #1 - ИМЯ ЛИЦА - ВТОРИЧНАЯ ОТВЕТСТВЕННОСТЬ | |
| Код отношения | Прочие |
| Графика поля | Кириллица |
| Материалы, к которым относится поле | rus |
| Начальный элемент ввода | Николаева |
| Часть имени, кроме начального элемента ввода | Н. Н. |
| Дополнения к именам, кроме дат | искусствовед |
| Даты | 1946-2010 |
| Расширение инициалов личного имени | Надежда Николаевна |
| Системный номер авторитетной/нормативной записи | 28916 |
| Идентификатор авторитетной/нормативной записи | RU\NLR\AUTH\7745981 |
| 712 02 - НАИМЕНОВАНИЕ ОРГАНИЗАЦИИ - ВТОРИЧНАЯ ОТВЕТСТВЕННОСТЬ | |
| Код отношения | Издающая организация |
| Начальный элемент ввода | Институт гуманитарных исследований и проблем малочисленных народов Севера |
| Идентифицирующий признак | Якутск |
| Системный номер авторитетной/нормативной записи | 768035 |
| Идентификатор авторитетной/нормативной записи | RU\NLR\AUTH\8810136103 |
| 942 ## - ДОПОЛНИТЕЛЬНЫЕ ЭЛЕМЕНТЫ ЗАПИСИ (АБИС) | |
| Тип экземпляра АБИС | Книга |
| 980 ## - КОЛЛЕКЦИЯ | |
| Название коллекции | НБР |
| 980 ## - КОЛЛЕКЦИЯ | |
| Название коллекции | Национальная библиография |
Нет доступных экземпляров.